Normal view
MARC view
Entry Personal Name
001 - CONTROL NUMBER
- control field: 50283
003 - CONTROL NUMBER IDENTIFIER
- control field: dpl
005 - DATE AND TIME OF LATEST TRANSACTION
- control field: 20120719150606.0
008 - FIXED-LENGTH DATA ELEMENTS
- fixed length control field: 120719|||a|||||| | ||| d
040 ## - CATALOGING SOURCE
- Original cataloging agency: dpl
- Transcribing agency: dpl
100 ## - HEADING--PERSONAL NAME
- Personal name: Vijay bhatt
670 ## - SOURCE DATA FOUND
- Source citation: Work cat.: (dpl)68498: Bapu Ne Kaha Tha
670 ## - SOURCE DATA FOUND
- Source citation: Work cat.: (dpl)68498: Bapu Ne Kaha Tha
